000
00307nam a2200121Ia 4500
008
190216s9999||||xx |||||||||||||| ||und||
100
_a
Roy M K & Ghosh Dastidar
245
0
_a
Cobol Programming
260
_b
Tata Mcgrawhill Publishers
_c
1993
300
_a
309p
650
_a
Computer Science
942
_c
BK
999
_c
8432
_d
8432